| 000 | 00000nas 2200000za 4500 |
| 001 | 9.501804 |
| 003 | CaOODSP |
| 005 | 20230602143047 |
| 007 | cr ||||||||||| |
| 008 | 150406d20042006oncar p o||||f| |0fre|d |
| 040 | |aCaOODSP|bfre |
| 043 | |an-cn--- |
| 086 | 1 |aNS1-19F-PDF |
| 110 | 2 |aConseil de recherches en sciences naturelles et en génie du Canada.|eauteur, |eorganisme de publication. |
| 245 | 10|aProgramme des coûts indirects, rapport au ministre |h[ressource électronique]. |
| 260 | |aOttawa : |bConseil de recherches en sciences naturelles et en génie |
| 310 | |aAnnuel |
| 362 | 0 |aJanvier 2003 à mars 2004 -- du 1er avril 2005 au 31 mars 2006. |
| 691 | 07|aRecherche scientifique|2gcpds |
| 775 | 08|tIndirect Costs Program, briefing report to the Minister |w(CaOODSP)9.505405 |
| 776 | 0#|tCanada Research Chairs briefing report to the Minister |w(CaOODSP)9.511472 |
| 776 | 0#|tChaires de recherche du Canada, rapport de synthèse au ministre |w(CaOODSP)9.511473 |
| 785 | 00|tProgramme des coûts indirects, rapport d'étape pour la période allant ... |w(CaOODSP)9.503577 |